Global Entrepreneurship : (Record no. 609461)
[ view plain ]
| 000 -LEADER | |
|---|---|
| fixed length control field | 00485nam a22001457a 4500 |
| 020 ## - INTERNATIONAL STANDARD BOOK NUMBER | |
| International Standard Book Number | 9780415703246 |
| 040 ## - CATALOGING SOURCE | |
| Transcribing agency | NUST |
| 082 ## - DEWEY DECIMAL CLASSIFICATION NUMBER | |
| Classification number | 658.421 |
| Author Mark | HAY |
| 100 ## - MAIN ENTRY--PERSONAL NAME | |
| Personal name | Hayton, James |
| 9 (RLIN) | 123182 |
| 110 ## - MAIN ENTRY--CORPORATE NAME | |
| Corporate name or jurisdiction name as entry element | Salvato, Carlo Manimala, Mathew J. |
| 9 (RLIN) | 123183 |
| 245 ## - TITLE STATEMENT | |
| Title | Global Entrepreneurship : |
| Remainder of title | Case Studies of Entrepreneurial Firms Operating Around the World |
| 260 ## - PUBLICATION, DISTRIBUTION, ETC. | |
| Place of publication, distribution, etc. | New York: |
| Name of publisher, distributor, etc. | Routledge, |
| Date of publication, distribution, etc. | 2015. |
| 650 ## - SUBJECT ADDED ENTRY--TOPICAL TERM | |
| Topical term or geographic name entry element | BUSINESS & ECONOMICS Industrial Management |
| 9 (RLIN) | 123184 |
| 942 ## - ADDED ENTRY ELEMENTS (KOHA) | |
| Source of classification or shelving scheme | |
| Koha item type | Book |
| Withdrawn status | Lost status | Source of classification or shelving scheme | Damaged status | Not for loan | Permanent Location | Current Location | Shelving location | Date acquired | Total Checkouts | Full call number | Barcode | Date last seen | Price effective from | Koha item type |
|---|---|---|---|---|---|---|---|---|---|---|---|---|---|---|
| College of Electrical & Mechanical Engineering (CEME) | College of Electrical & Mechanical Engineering (CEME) | General Stacks | 06/04/2024 | 658.421 HAY | CEME- 49282 | 06/04/2024 | 06/04/2024 | Book |
